|
|
|
|
| LEADER |
00000nam a2200000 i 4500 |
| 001 |
1/36232 |
| 008 |
061025s1993 eng d |
| 020 |
|
|
|a 0-7148-2813-0
|
| 035 |
|
|
|l 10085764
|
| 040 |
|
|
|a GR-MY-UA
|b gre
|e aacr
|
| 041 |
0 |
|
|a eng
|
| 082 |
0 |
|
|a 700.92
|2 (22)
|
| 100 |
1 |
|
|a Lynton, Norbert.
|
| 245 |
1 |
0 |
|a Ben Nicholson /
|c Norbert Lynton
|
| 260 |
|
|
|a London :
|b Phaidon,
|c c1993
|
| 300 |
|
|
|a 472 σ.;
|b εικ. (μερ. έγχρ.);
|c 29 εκ.
|
| 504 |
|
|
|a Περιλαμβάνει βιβλιογραφία (σ. 458-461) και ευρετήρια
|
| 600 |
1 |
0 |
|a Nicholson Ben
|d 1894-1982
|x Catalogs.
|
| 852 |
|
|
|a INST
|b SYROS
|e 20061025
|h 700.92 NIC
|p 005500004585
|q 005500004585
|t BK
|y 0
|
| 901 |
|
|
|a BIBL5-2006-3
|
| 909 |
|
|
|a Ε
|b 129615
|
| 922 |
|
|
|a 5ΕΛΗ
|b 200610
|c ΒΙΒΛΙΟΘΗΚΗ ΣΥΡΟΥ
|d ΜΙΧΑΛΟΠΟΥΛΟΣ
|
| 950 |
|
|
|a 188-2006-09-18
|
| 970 |
|
|
|a ΚΟΝΤΟΥ
|b ΠΑΡΑΣΚΕΥΗ
|z 2006/11/20
|